000 00620nab a2200193 4500
001 244442
003 OSt
005 20250528113410.0
007 tu
008 200917s2020|||||||
040 _aDE-2950
_cDE-2950
245 0 0 _aGeschäftsfrau und Frauenrechtlerin
_bKulturaustausch. Ewa Labno-Falecka ist am Donnerstag für ihr Engagement mit dem 24. Viadrina-Preis ausgezeichnet worden/
_cred
264 _c2024
653 _aFrankfurt (Oder)
653 _aViadrina-Preis
653 _aEwa Labno-Falecka
773 0 _g36. Jahrgang (2025) Nr. 114 vom 17.05.2025, S. 17 mit Foto
_tMärkische Oderzeitung
942 _2z
_cA
999 _c373787
_d373787